000 00509nam a2200205Ia 4500
003 OSt
005 20221002055111.0
006 a|||||r|||| 00| 0
007 ta
008 220930b |||||||| |||| 00| 0 eng d
024 _a72157
037 _cReference Collections
040 _aCRL
_cCRL
_beng
041 _2eng
_aeng
082 _aU8.42, M6(RR)
245 0 _aJapan a travel survival kit
260 _c1986
942 _hU8.42, M6(RR)
_cref
_2CC
999 _c926771
_d926771